Barrios de Barcelona - Estadísticas

Estadísticas generales
  • Esta prueba ha sido intentada 828 veces
  • La puntuación promedio es 27 de 72
Estadísticas de respuestas
Distritos Barrio % Correcto
Sants-Montjuïc Sants-Badal
78%
Sarrià-Sant Gervasi Sarrià
71%
Ciutat Vella El Raval
70%
Ciutat Vella La Barceloneta
70%
Horta-Guinardó Horta
69%
Sarrià-Sant Gervasi Sant Gervasi - Galvany
68%
Ciutat Vella El Gòtic
66%
Horta-Guinardó El Guinardó
66%
Sant Martí El Poblenou
65%
Les Corts Les Corts
65%
Sant Andreu Sant Andreu de Palomar
61%
Sants-Montjuïc El Poble-sec
59%
Sant Martí El Clot
58%
Horta-Guinardó El Carmel
57%
Les Corts Pedralbes
57%
L'Eixample La Sagrada Familia
55%
Gràcia El Coll
50%
L'Eixample Sant Antoni
50%
Sarrià-Sant Gervasi Sant Gervasi - la Bonanova
50%
Sant Martí La Verneda i la Pau
46%
Sant Andreu La Sagrera
45%
Sarrià-Sant Gervasi Les Tres Torres
45%
Nou Barris La Trinitat Nova
44%
Gràcia Vallcarca i els Penitents
43%
Sarrià-Sant Gervasi El Putxet i el Farró
42%
Sant Andreu La Trinitat Vella
41%
Sarrià-Sant Gervasi Vallvidrera, el Tibidabo i les Planes
41%
Sants-Montjuïc Hostafrancs
40%
L'Eixample La Dreta de l'Eixample
39%
Sant Martí El Besòs i el Maresme
38%
L'Eixample La Nova Esquerra de l'Eixample
38%
Nou Barris Ciutat Meridiana
37%
L'Eixample L'Antiga Esquerra de l'Eixample
37%
Ciutat Vella Sant Pere, Santa Caterina i la Ribera
37%
Nou Barris Vilapicina i la Torre Llobeta
37%
Nou Barris Canyelles
36%
Sant Andreu Navas
35%
Nou Barris Les Roquetes
34%
Horta-Guinardó La Teixonera
33%
Sant Martí La Vila Olímpica del Poblenou
33%
Les Corts La Maternitat i Sant Ramon
31%
Gràcia La Salut
31%
Nou Barris Torre Baró
31%
Horta-Guinardó El Baix Guinardó
28%
Sant Andreu El Bon Pastor
28%
Sant Andreu El Congrés i els Indians
28%
Gràcia El Camp d'en Grassot i Gràcia nova
27%
Nou Barris La Guineueta
27%
Gràcia La Vila de Gràcia
27%
Sants-Montjuïc La Bordeta
26%
Sant Martí Sant Martí de Provençals
26%
Horta-Guinardó La Vall d'Hebron
24%
Sant Martí Diagonal Mar i el Front Marítim del Besòs i el Maresme
23%
Sant Andreu Baró de Viver
22%
Nou Barris La Prosperitat
22%
Nou Barris Porta
22%
Horta-Guinardó Can Baró
21%
Horta-Guinardó La Clota
21%
Horta-Guinardó Sant Genís dels Aguadells
21%
Nou Barris Vallbona
21%
Nou Barris Verdum
21%
Sant Martí El Parc i la Llacuna del Poblenou
20%
Sants-Montjuïc La Marina del Prat Vermell
20%
Horta-Guinardó La Font d'en Fargues
19%
Sants-Montjuïc La Font de la Guatlla
18%
Sants-Montjuïc La Marina de Port
16%
Nou Barris Can Peguera
15%
Sant Martí Provençals del Poblenou
15%
L'Eixample El Fort Pienc
14%
Sant Martí El Camp de l'Arpa del Clot
13%
Horta-Guinardó Montblau
13%
Nou Barris El Turó de La Peira
9%
No se encontraron pruebas coincidentes
Distribución de puntuación
Porcentaje de gente con cada puntuación
Porcentaje por número respondido
Historial de tus puntuaciones
No has intentado esta prueba.